00628nam a2200169 a 450000100100000000500170001000800410002702000150006804000250008308200150010810000240012324500520014726000340019930000280023395201800026199900170044100004506920201002045843.0150130s1975 nyu 000 0 spa d a0883730286 aDO-SdBNPbspacBNPHU axxxxbxxxx1 aAgee, Philip97307710aInside the company :bCIA diary /cPhilip Agee. aNew York :bStonehill,c1975. a639 p. :bil. ;c22 cm. 001050718MOaGRbGRcCTd2015-01-30iLF1l0oxxxx xxxxp45069-10r2020-06-25w2020-06-25y1zPerteneció a la biblioteca personal de Germán Emilio Ornes.ZNo se presta c44558d44558